কোলকাতা কেন্দ্রিক বুদ্ধিজীবী / (Record no. 74233)
[ view plain ]
| 000 -LEADER | |
|---|---|
| fixed length control field | 01017nam a2200241 a 4500 |
| 001 - CONTROL NUMBER | |
| control field | 74233 |
| 003 - CONTROL NUMBER IDENTIFIER | |
| rucl marc code | BD-RjUL |
| 005 - DATE AND TIME OF LATEST TRANSACTION | |
| control field | 20211209082522.0 |
| 008 - FIXED-LENGTH DATA ELEMENTS--GENERAL INFORMATION | |
| fixed length control field | 180410s2014 bg a|||| |||| 001 0 ben d |
| 020 ## - INTERNATIONAL STANDARD BOOK NUMBER | |
| International Standard Book Number | 9789849071297 |
| Terms of availability | : Tk. 450.00 |
| 035 ## - SYSTEM CONTROL NUMBER | |
| System control number | (BD-RjUL)74451 |
| 040 ## - CATALOGING SOURCE | |
| Original cataloging agency | BD-RjUL |
| Language of cataloging | ben |
| Transcribing agency | BD-RjUL |
| Modifying agency | BD-RjUL |
| 041 ## - LANGUAGE CODE | |
| Language code of text/sound track or separate title | ben |
| 082 ## - DEWEY DECIMAL CLASSIFICATION NUMBER | |
| Edition number | 23 |
| Author mark and year | MUK 2014 |
| Classification number | 305.5520954 |
| 100 1# - MAIN ENTRY--PERSONAL NAME | |
| Personal name | মুকুল, এম আর আখতার |
| 9 (RLIN) | 221064 |
| 245 1# - TITLE STATEMENT | |
| Title | কোলকাতা কেন্দ্রিক বুদ্ধিজীবী / |
| Statement of responsibility, etc. | এম আর আখতার মুকুল |
| 260 ## - PUBLICATION, DISTRIBUTION, ETC. (IMPRINT) | |
| Place of publication, distribution, etc. | ঢাকা : |
| Name of publisher, distributor, etc. | অনন্যা, |
| Date of publication, distribution, etc. | ২০১৪ |
| 300 ## - PHYSICAL DESCRIPTION | |
| Pagination | ৩১৬ পৃ. : |
| Illustrations | চিত্র ; |
| Size | ২৩ সেমি. |
| 520 ## - SUMMARY, ETC. | |
| Summary, etc. | Intelligentsia and the intellectual life in Calcutta, 1871-1911; historical study. |
| 650 ## - SUBJECT ADDED ENTRY--TOPICAL TERM | |
| Topical term or geographic name as entry element | বুদ্ধিজীবি |
| Geographic subdivision | ভারত |
| -- | কলকাতা |
| General subdivision | ইতিহাস |
| 9 (RLIN) | 221065 |
| Topical term or geographic name as entry element | Intellectuals |
| Geographic subdivision | India |
| -- | Kolkata |
| General subdivision | History. |
| 9 (RLIN) | 221066 |
| 942 ## - ADDED ENTRY ELEMENTS (KOHA) | |
| Source of classification or shelving scheme | Dewey Decimal Classification |
| Koha item type | Books |
| Lost status | Source of classification or shelving scheme | Damaged status | Not for loan | Collection code | Permanent Location | Current Location | Shelving location | Date acquired | Source of acquisition | Cost, normal purchase price | Total Checkouts | Full call number | Date last seen | Copy number | Koha item type | Date checked out |
|---|---|---|---|---|---|---|---|---|---|---|---|---|---|---|---|---|
| Dewey Decimal Classification | Not For Loan | Non-fiction | Central Library, University of Rajshahi | Central Library, University of Rajshahi | Reading Room | 23/03/2017 | News Home, Rajshahi | 450.00 | B 305.5520954 MUK 2014 | 10/04/2018 | C-1 | Books | ||||
| Dewey Decimal Classification | Non-fiction | Central Library, University of Rajshahi | Central Library, University of Rajshahi | 23/03/2017 | News Home, Rajshahi | 450.00 | B 305.5520954 MUK 2014 | 10/04/2018 | C-2 | Books | ||||||
| Dewey Decimal Classification | Non-fiction | Central Library, University of Rajshahi | Central Library, University of Rajshahi | 23/03/2017 | News Home, Rajshahi | 450.00 | 2 | B 305.5520954 MUK 2014 | 22/07/2019 | C-3 | Books | 09/07/2019 |